| 000 | 00785nam a2200253 a 4500 | ||
|---|---|---|---|
| 001 | 000017024 | ||
| 003 | DO-SdBNP | ||
| 005 | 20171017114822.0 | ||
| 007 | 000017024 | ||
| 008 | 100316s2010 dr a 000 0 spa d | ||
| 020 | _a9945160141 | ||
| 040 |
_aBPMSU _bspa _cBPMSU |
||
| 092 |
_axxx _bS684e |
||
| 100 | 1 | _aSolano, Miguel | |
| 245 | 1 | 0 |
_aExplorando la imaginación infantil = _bExploring Children's imagination. |
| 246 | _aExploring Children's imagination. | ||
| 250 | _a2da. ed. | ||
| 260 |
_aSanto Domingo : _bEdiciones Aqi _c2006 |
||
| 300 |
_a45 p. : _bil. ; _c26 cm. |
||
| 534 | _aVersión en inglés: Amy Harrison, Georgetown University, Washintog Dc | ||
| 942 |
_2ddc _cBK |
||
| 945 | _aInventariado infantil / 2017 VM | ||
| 956 |
_aVMATEO _b10 _c20150203 _lBPMSU _h0069 |
||
| 999 |
_c7321 _d7321 |
||